The Design and analysis of computer algorithms / (Record no. 1860)

MARC details
000 -LEADER
Fixed length control field 00529nam a2200193 4500
003 - CONTROL NUMBER IDENTIFIER
Control field SEACOMEC
005 - DATE AND TIME OF LATEST TRANSACTION
Control field 20241204130224.0
008 - FIXED-LENGTH DATA ELEMENTS--GENERAL INFORMATION
Fixed length control field 241204b |||||||| |||| 00| 0 eng d
020 ## - INTERNATIONAL STANDARD BOOK NUMBER / ISBN
International Standard Book Number 978-8131702055
Price 299.00
040 ## - CATALOGING SOURCE
Original cataloging agency SEACOMEC
082 ## - DEWEY DECIMAL CLASSIFICATION NUMBER
Classification number 004
Book Number A285
100 ## - MAIN ENTRY--PERSONAL NAME
Personal name Aho, Alfred V
245 ## - TITLE STATEMENT
Title The Design and analysis of computer algorithms /
Statement of responsibility Alfred V Aho
260 ## - IMPRINT
Place of publication New Delhi :
Name of publisher Pearson Education Asia,
Date of publication 2007
300 ## - PHYSICAL DESCRIPTION
Page / Vol. No x,470
700 ## - ADDED ENTRY--PERSONAL NAME
Personal name Hopcroft, John E
700 ## - ADDED ENTRY--PERSONAL NAME
Personal name Ullman, Jeffrey D
942 ## - ADDED ENTRY ELEMENTS (KOHA)
Koha item type Books
Holdings
Withdrawn status Lost status Source of classification Damaged status Not for loan Home library Current library Date acquired Total Checkouts Call number Accession number Date last seen Price effective from Koha item type Copy number
    Dewey Decimal Classification     SEACOM ENGINEERING COLLEGE SEACOM ENGINEERING COLLEGE 03/04/2008   004 A285 10629 04/12/2024 04/12/2024 Reference Books  
    Dewey Decimal Classification     SEACOM ENGINEERING COLLEGE SEACOM ENGINEERING COLLEGE 03/04/2008   004 A285 10630 04/12/2024 04/12/2024 Books 1
    Dewey Decimal Classification     SEACOM ENGINEERING COLLEGE SEACOM ENGINEERING COLLEGE 03/04/2008   004 A285 10631 04/12/2024 04/12/2024 Books 2
    Dewey Decimal Classification     SEACOM ENGINEERING COLLEGE SEACOM ENGINEERING COLLEGE 03/04/2008   004 A285 10632 04/12/2024 04/12/2024 Books 3
    Dewey Decimal Classification     SEACOM ENGINEERING COLLEGE SEACOM ENGINEERING COLLEGE 03/04/2008   004 A285 10633 04/12/2024 04/12/2024 Books 4
    Dewey Decimal Classification     SEACOM ENGINEERING COLLEGE SEACOM ENGINEERING COLLEGE 03/04/2008   004 A285 10634 04/12/2024 04/12/2024 Books 5
    Dewey Decimal Classification     SEACOM ENGINEERING COLLEGE SEACOM ENGINEERING COLLEGE 26/07/2008   004 A285 12226 20/01/2025 20/01/2025 Books 6
    Dewey Decimal Classification     SEACOM ENGINEERING COLLEGE SEACOM ENGINEERING COLLEGE 26/07/2008   004 A285 12227 20/01/2025 20/01/2025 Books 7
    Dewey Decimal Classification     SEACOM ENGINEERING COLLEGE SEACOM ENGINEERING COLLEGE 26/07/2008   004 A285 12228 20/01/2025 20/01/2025 Books 8
    Dewey Decimal Classification     SEACOM ENGINEERING COLLEGE SEACOM ENGINEERING COLLEGE 26/07/2008   004 A285 12229 20/01/2025 20/01/2025 Books 9
    Dewey Decimal Classification     SEACOM ENGINEERING COLLEGE SEACOM ENGINEERING COLLEGE 26/07/2008   004 A285 12230 20/01/2025 20/01/2025 Books 10
    Dewey Decimal Classification     SEACOM ENGINEERING COLLEGE SEACOM ENGINEERING COLLEGE 26/07/2008   004 A285 12231 20/01/2025 20/01/2025 Books 11
    Dewey Decimal Classification     SEACOM ENGINEERING COLLEGE SEACOM ENGINEERING COLLEGE 26/07/2008   004 A285 12232 20/01/2025 20/01/2025 Books 12
    Dewey Decimal Classification     SEACOM ENGINEERING COLLEGE SEACOM ENGINEERING COLLEGE 26/07/2008   004 A285 12233 20/01/2025 20/01/2025 Books 13
    Dewey Decimal Classification     SEACOM ENGINEERING COLLEGE SEACOM ENGINEERING COLLEGE 26/07/2008   004 A285 12234 20/01/2025 20/01/2025 Books 14
    Dewey Decimal Classification     SEACOM ENGINEERING COLLEGE SEACOM ENGINEERING COLLEGE 26/07/2008   004 A285 12235 20/01/2025 20/01/2025 Books 15
© Seacom Engineering College, All rights reserved.      Powered by Koha